Amándonos como somos : (Record no. 133632)

MARC details
000 -CABECERA
campo de control de longitud fija 01457ngm a2200241 u 4500
005 - FECHA Y HORA DE LA ÚLTIMA TRANSACCIÓN
campo de control 20210223130646.0
008 - ELEMENTOS DE LONGITUD FIJA--INFORMACIÓN GENERAL
campo de control de longitud fija 080930s2006 mx 027 aaspa d
035 ## - NÚMERO DE CONTROL DEL SISTEMA
Número de control de sistema UPN01000161519
049 ## - COLECCIÓN
Colección AV
050 #4 - SIGNATURA TOPOGRÁFICA DE LA BIBLIOTECA DEL CONGRESO
Número de clasificación DVD RC 88
245 00 - MENCIÓN DE TÍTULO
Título Amándonos como somos :
Resto del título enfrentando nuestra realidad /
Mención de responsabilidad, etc. dir. Susie Mah.
260 ## - PUBLICACIÓN, DISTRIBUCIÓN, ETC.
Lugar de publicación, distribución, etc. México :
Nombre del editor, distribuidor, etc. Quality Films,
Fecha de publicación, distribución, etc. c2006.
300 ## - DESCRIPCIÓN FÍSICA
Material acompañante/anejo 1 DVD (27 min.)
440 #0 - MENCIÓN DE SERIE/ASIENTO SECUNDARIO--TÍTULO
Título Ideas educativas
500 ## - NOTA GENERAL
Nota general Características especiales: español e inglés, menús interactivos, avances
520 ## - NOTA DE RESUMEN, ETC.
Sumario, etc. Sueños ligeros: Natalia Pace, Katia Nagytohy, tfaany Ryan y Shannon Conway, son algunas de las jóvenes que conocerás. Verás cómo debaten, con un grupo de amigas, lo difícil que es perder peso. Asimismo, discuten sobre los riesgos que esto implica, como la anorexia o la bulimia y otros desórdenes alimenticios que las llevan a sentirse vacías. El llamado del monstruo: verás cómo es que los temores entran en nuestras vidas y en nuestros sueños; cómo invaden nuestra intimidad; cómo los llevamos a todos lados para convertirse en la peor pesadilla; y cómo sólo nosotros podemos deshacernos de ellos, atrontándolos y aprendiendo a amarnos como somos y con lo que tenemos.
533 ## - NOTA DE REPRODUCCIÓN
Tipo de reproducción Multiregión
650 #4 - ASIENTO SECUNDARIO DE MATERIA - TERMINO TEMATICO
Término de materia o nombre geográfico como elemento de entrada OBESIDAD -
Subdivisión general ASPECTOS PSICOLOGICOS
9 (RLIN) 378
650 #4 - ASIENTO SECUNDARIO DE MATERIA - TERMINO TEMATICO
Término de materia o nombre geográfico como elemento de entrada TRASTORNOS DE LA INGESTION
9 (RLIN) 12829
650 #4 - ASIENTO SECUNDARIO DE MATERIA - TERMINO TEMATICO
Término de materia o nombre geográfico como elemento de entrada TECNICAS DE AUTOAYUDA
9 (RLIN) 377
700 1# - ASIENTO SECUNDARIO--NOMBRE DE PERSONAL
Nombre de persona Mah, Susie,
Término indicativo de función/relación dir.
905 ## - TIPO DE MATERIAL
Tipo de material Audiovisuales
Holdings
Estado de retiro Estado de pérdida Fuente del sistema de clasificación o colocación Estado dañado No para préstamo Código de colección Localización permanente Ubicación/localización actual Ubicación en estantería Total de préstamos Clasificación Código de barras Fecha visto por última vez Número de copia Tipo de ítem Koha
    Library of Congress Classification     Audiovisuales Bib. Gregorio Torres Quintero Bib. Gregorio Torres Quintero Audiovisual   DVD RC 88 258431 31/12/2020 1 Formato Digital